[Event "Eastpointe (MI Action/4/4)"]
[Site "?"]
[Date "1993.??.??"]
[Round "?"]
[White "Calton, Bill"]
[Black "Kamberi, Sonny"]
[Result "1-0"]
[WhiteElo "2110"]
[BlackElo "2040"]
[PlyCount "61"]
[EventDate "1993.??.??"]

{4/(4)} 1. e4 e6 2. d4 d5 3. e5 c5 4. c3 Nc6 5. Nf3 Qb6 6. Bd3 cxd4 7. cxd4 Bd7
8. O-O Nxd4 9. Nxd4 Qxd4 10. Nc3 a6 11. Qe2 Bb4 12. Rd1 Bxc3 13. bxc3 Qxc3 14.
Bd2 Qd4 15. Rab1 Bc6 16. Rb4 Qc5 17. Qg4 Ne7 18. Rc1 Qa7 19. Qxg7 Rg8 20. Qxh7
O-O-O 21. Qxf7 Rdf8 22. Qxe6+ Kb8 23. Be1 d4 24. Rxc6 Nxc6 25. Qxc6 Ka8 26. Qe4
Rd8 27. f4 Rg7 28. f5 Rdg8 29. g3 Rg4 30. Qd5 Qb8 31. Bxa6 1-0

[Event "Flint (MEX/1)"]
[Site "?"]
[Date "1993.??.??"]
[Round "?"]
[White "Calton, Bill"]
[Black "Hahn, David"]
[Result "0-1"]
[WhiteElo "2080"]
[BlackElo "2245"]
[PlyCount "34"]
[EventDate "1993.??.??"]

1. e4 d6 2. d4 Nf6 3. Nc3 g6 4. f3 c6 5. Be3 b5 6. d5 b4 7. e5 dxe5 8. dxc6
bxc3 9. Bb5 Qc7 10. a4 cxb2 11. Ra3 Bg7 12. a5 O-O 13. Bb6 axb6 14. axb6 Qxb6
15. Rxa8 Qxb5 16. c7 Qb4+ 17. Kf2 Qb6+ 0-1

[Event "East Lansing (MI Op/5/6)"]
[Site "?"]
[Date "1993.??.??"]
[Round "?"]
[White "Calton, Bill"]
[Black "Hahn, David"]
[Result "1/2-1/2"]
[WhiteElo "2085"]
[BlackElo "2240"]
[PlyCount "71"]
[EventDate "1993.??.??"]

{5/(6)} 1. e4 d6 2. d4 Nf6 3. Bd3 g6 4. Nf3 Bg7 5. O-O O-O 6. h3 Nc6 7. c3 e5
8. Bg5 Qe8 9. Nbd2 Nh5 10. dxe5 dxe5 11. Qb3 Nf4 12. Bb5 a6 13. Qa3 Be6 14.
Bxc6 Qxc6 15. Bxf4 exf4 16. Nd4 Qb6 17. Nxe6 Qxe6 18. Qb4 Rad8 19. Nf3 b6 20.
Rfe1 c5 21. Qa4 b5 22. Qc2 b4 23. e5 bxc3 24. Qxc3 Rd5 25. Re4 h6 26. Rae1 g5
27. b3 Re8 28. Qc4 Rb8 29. Qe2 Rb4 30. Rxb4 cxb4 31. Qe4 a5 32. Qc4 Bxe5 33.
Qe4 Bg7 34. Qxe6 fxe6 35. Rxe6 Rd1+ 36. Re1 1/2-1/2

[Event "Flint (MEX/2)"]
[Site "?"]
[Date "1993.??.??"]
[Round "?"]
[White "Calton, Bill"]
[Black "Fuller, William"]
[Result "1-0"]
[WhiteElo "2080"]
[BlackElo "2155"]
[PlyCount "77"]
[EventDate "1993.??.??"]

1. e4 c5 2. Ne2 Nc6 3. Nbc3 Nf6 4. g3 b5 5. Bg2 Rb8 6. d4 b4 7. Nd5 Nxd5 8.
exd5 cxd4 9. Nxd4 Nxd4 10. Qxd4 Qc7 11. Bf4 d6 12. O-O Qb6 13. Qc4 g6 14. Rfe1
f6 15. a3 a5 16. axb4 Qxb4 17. Qxb4 Rxb4 18. Bxd6 Rxb2 19. Bxe7 Bxe7 20. d6 Kd7
21. dxe7 Re8 22. Rad1+ Kc7 23. Bd5 Bd7 24. Bf7 Rbb8 25. Bxe8 Rxe8 26. Re3 a4
27. Kf1 a3 28. Rxa3 Rxe7 29. Ra7+ Kc8 30. Rdxd7 Rxd7 31. Rxd7 Kxd7 32. Ke2 Kd6
33. Kd3 Ke5 34. f4+ Kd6 35. Kd4 g5 36. f5 g4 37. c4 Kc6 38. c5 h6 39. Kc4 1-0

[Event "East Lansing (MI Op/4/4)"]
[Site "?"]
[Date "1993.??.??"]
[Round "?"]
[White "Calton, Bill"]
[Black "Andrews, Steve"]
[Result "1/2-1/2"]
[WhiteElo "2085"]
[BlackElo "2265"]
[PlyCount "82"]
[EventDate "1993.??.??"]

{4/(4)} 1. e4 Nf6 2. e5 Nd5 3. d4 d6 4. Bc4 Nb6 5. Bb3 dxe5 6. Qf3 e6 7. dxe5
Nc6 8. Qg3 Qd4 9. Nf3 Qe4+ 10. Kf1 Bd7 11. Nc3 Qg6 12. Be3 Qxg3 13. hxg3 O-O-O
14. a4 Bb4 15. Ne4 h6 16. c3 Be7 17. a5 Nd5 18. Bc5 b6 19. axb6 axb6 20. Bxe7
Ndxe7 21. Ba4 Kb7 22. Ke2 Ng6 23. Bxc6+ Bxc6 24. Ke3 Rd7 25. Rhd1 Rhd8 26. Rd4
Rxd4 27. cxd4 Ne7 28. Rd1 Ra8 29. Nc3 Ra5 30. g4 Ra8 31. g3 Rd8 32. Nd2 h5 33.
f3 hxg4 34. fxg4 Rh8 35. Rf1 Rf8 36. Nde4 Bxe4 37. Kxe4 f5+ 38. exf6 gxf6 39.
d5 e5 40. g5 Ng6 41. Rf5 Kc8 1/2-1/2

[Event "Flint (Class DE/3)"]
[Site "?"]
[Date "1993.??.??"]
[Round "?"]
[White "Callahan, M."]
[Black "Fales, A."]
[Result "1-0"]
[WhiteElo "1605"]
[BlackElo "1605"]
[PlyCount "47"]
[EventDate "1993.??.??"]

1. Nf3 c5 2. Nc3 d6 3. e4 e5 4. Bc4 Nf6 5. d3 g6 6. O-O Bg7 7. Bg5 O-O 8. Qd2
Nc6 9. Nd5 Bg4 10. h3 Be6 11. Rad1 Bxd5 12. exd5 Nd4 13. c3 Nf5 14. Qe2 Qe8 15.
Rfe1 a6 16. d4 e4 17. Nh4 b5 18. Bb3 c4 19. Nxf5 gxf5 20. Bc2 Nxd5 21. Bxe4
fxe4 22. Qg4 Rd8 23. Bh6 Qe6 24. Qxg7# 1-0

[Event "Lansing (MI Am/2)"]
[Site "?"]
[Date "1993.??.??"]
[Round "?"]
[White "Calabria, John"]
[Black "Neely, Richard"]
[Result "0-1"]
[WhiteElo "1605"]
[BlackElo "1605"]
[PlyCount "82"]
[EventDate "1993.??.??"]

1. d4 Nf6 2. c4 c5 3. d5 b5 4. Nc3 bxc4 5. e4 Ba6 6. b3 cxb3 7. Bxa6 Nxa6 8.
axb3 Nb4 9. Ba3 a5 10. Nf3 g6 11. Qe2 Bg7 12. O-O O-O 13. Rac1 d6 14. Ng5 Bh6
15. h4 Nd7 16. f4 Qb6 17. Kh1 Bg7 18. Rf3 h6 19. Nh3 e6 20. dxe6 fxe6 21. Rg3
Kh7 22. h5 Rf6 23. Qg4 Nf8 24. f5 exf5 25. exf5 d5 26. hxg6+ Nxg6 27. Nf4 Bh8
28. Ncxd5 Nxd5 29. Nxd5 Ne5 30. Nxb6 Nxg4 31. Nxa8 Nf2+ 32. Kg1 Rxf5 33. Rxc5
Rxc5 34. Bxc5 Ne4 35. Rf3 Nxc5 36. Rf7+ Kg6 37. Rf3 Bd4+ 38. Kh1 Ne4 39. Kh2
Be5+ 40. g3 h5 41. Kh3 Ng5+ 0-1

[Event "Flint (Class DE/3)"]
[Site "?"]
[Date "1993.??.??"]
[Round "?"]
[White "Calabria, John"]
[Black "McElhiney, K."]
[Result "1-0"]
[WhiteElo "1605"]
[BlackElo "1605"]
[PlyCount "69"]
[EventDate "1993.??.??"]

1. d4 d5 2. c4 c6 3. Nc3 Nf6 4. Nf3 Bf5 5. Bg5 Nbd7 6. Nh4 h6 7. Bxf6 exf6 8.
Nxf5 Qb6 9. Qc2 dxc4 10. Qe4+ Kd8 11. Qc2 g6 12. Ne3 Qxd4 13. Rd1 Qe5 14. Nxc4
Qe6 15. e3 Kc7 16. a3 Bc5 17. b4 b5 18. bxc5 bxc4 19. Qa2 Ne5 20. Be2 g5 21.
O-O h5 22. Rd4 h4 23. f4 Ng4 24. Re4 Qf5 25. Bxg4 Qxg4 26. h3 Qf5 27. fxg5 Qxg5
28. Qxc4 Rad8 29. Re7+ Rd7 30. Rxd7+ Kxd7 31. Qxf7+ Kc8 32. Qe6+ Kb8 33. Rb1+
Kc7 34. Qd6+ Kc8 35. Rb8# 1-0

[Event "Flint (Class DE/5)"]
[Site "?"]
[Date "1993.??.??"]
[Round "?"]
[White "Calabria, John"]
[Black "Boyer, Mike"]
[Result "1/2-1/2"]
[WhiteElo "1605"]
[BlackElo "1605"]
[PlyCount "51"]
[EventDate "1993.??.??"]

1. d4 d5 2. c4 Nf6 3. Nc3 dxc4 4. Bg5 e6 5. e3 Be7 6. Bxc4 a6 7. Nf3 h6 8. Bxf6
Bxf6 9. Qc2 Nc6 10. O-O-O Qe7 11. d5 exd5 12. Nxd5 Nb4 13. Qa4+ Bd7 14. Qb3
Nxd5 15. Bxd5 O-O 16. h3 Qc5+ 17. Kb1 c6 18. Be4 Be6 19. Qd3 g6 20. Bxg6 fxg6
21. Qxg6+ Kh8 22. Qxh6+ Kg8 23. Qg6+ Bg7 24. Qxe6+ Kh8 25. Rd4 Bxd4 26. exd4
1/2-1/2

[Event "East Lansing (MOR/4/52)"]
[Site "?"]
[Date "1993.??.??"]
[Round "?"]
[White "Calabria, John"]
[Black "Banks, David"]
[Result "0-1"]
[WhiteElo "1605"]
[BlackElo "1605"]
[PlyCount "28"]
[EventDate "1993.??.??"]

{4/(52)} 1. d4 d5 2. c4 Nf6 3. Nf3 Nc6 4. Nc3 dxc4 5. e4 e6 6. e5 Nd5 7. Bxc4
Ndb4 8. O-O Ne7 9. Bg5 h6 10. Bd2 Nf5 11. Ne4 Nc6 12. a3 Nfxd4 13. Nxd4 Qxd4
14. Bd3 Qxd3 0-1

[Event "East Lansing (MOR/2/36)"]
[Site "?"]
[Date "1993.??.??"]
[Round "?"]
[White "Calabria, John"]
[Black "Alliston, Richard"]
[Result "0-1"]
[WhiteElo "1605"]
[BlackElo "1605"]
[PlyCount "64"]
[EventDate "1993.??.??"]

{2/(36)} 1. d4 d5 2. c4 Nf6 3. Nc3 e6 4. Bg5 Be7 5. Bxf6 Bxf6 6. Nf3 c6 7. e3
Nd7 8. Be2 O-O 9. Qc2 dxc4 10. a4 a5 11. Bxc4 Nb6 12. Ne4 Be7 13. O-O Nxc4 14.
Qxc4 h6 15. Ne5 Qd5 16. Qd3 Bb4 17. f4 b6 18. Rf3 Ba6 19. Nf6+ gxf6 20. Rg3+
Kh8 21. Nxf7+ Rxf7 22. Qg6 Qd7 23. Qxh6+ Rh7 24. Qxf6+ Rg7 25. Qh6+ Kg8 26.
Rxg7+ Qxg7 27. Qxe6+ Kh8 28. Qxc6 Bb7 29. Qc2 Rc8 30. Qf2 Be4 31. Qh4+ Kg8 32.
f5 Qxg2# 0-1

[Event "Lansing (MI Am/4)"]
[Site "?"]
[Date "1993.??.??"]
[Round "?"]
[White "Burg, Dan"]
[Black "Rostrom, Richard"]
[Result "1-0"]
[WhiteElo "1800"]
[BlackElo "1610"]
[PlyCount "81"]
[EventDate "1993.??.??"]

1. e4 c5 2. f4 Nc6 3. Nf3 d6 4. Nc3 e6 5. Be2 Be7 6. O-O Nf6 7. d3 O-O 8. Bd2
a6 9. Qe1 Nd4 10. Bd1 b5 11. Qg3 b4 12. Ne2 Nxf3+ 13. Rxf3 Ne8 14. c3 a5 15. d4
Bh4 16. Qg4 f5 17. exf5 exf5 18. Qh3 Bb7 19. Re3 Be4 20. Bb3+ d5 21. dxc5 a4
22. Bd1 Bf6 23. Nd4 Bxd4 24. cxd4 b3 25. axb3 axb3 26. Rc1 Rf6 27. Rxb3 Rh6 28.
Qe3 Qh4 29. h3 Nf6 30. Qg3 Qxg3 31. Rxg3 Ra2 32. c6 Ra8 33. b4 Ne8 34. b5 Rc8
35. Ba4 Nd6 36. b6 Nc4 37. b7 Rhxc6 38. Bxc6 Rb8 39. Bb4 Kf7 40. Ra1 Nb6 41.
Ra6 1-0

[Event "Lansing (MI Am/2)"]
[Site "?"]
[Date "1993.??.??"]
[Round "?"]
[White "Burg, Dan"]
[Black "Lewis, C."]
[Result "0-1"]
[WhiteElo "1800"]
[BlackElo "1605"]
[PlyCount "58"]
[EventDate "1993.??.??"]

1. e4 e6 2. d4 d5 3. Nd2 c5 4. c3 cxd4 5. cxd4 dxe4 6. Nxe4 Bb4+ 7. Nc3 Nf6 8.
a3 Bxc3+ 9. bxc3 O-O 10. Nf3 Qa5 11. Bd2 Ne4 12. Bd3 Nxd2 13. Qxd2 Nd7 14. O-O
Nf6 15. Rfe1 Qc7 16. Rac1 b6 17. Qg5 Bb7 18. Ne5 h6 19. Qh4 Rac8 20. Re3 Qd6
21. Rg3 Kh8 22. Rh3 Qxa3 23. Rd1 Rxc3 24. g4 Rc1 25. Be2 Qa1 26. Rhd3 Rxd1+ 27.
Rxd1 Qb2 28. Bf3 Bxf3 29. Nxf3 Qe2 0-1

[Event "Flint (Beg/4)"]
[Site "?"]
[Date "1993.??.??"]
[Round "?"]
[White "Bulliner, T."]
[Black "Weatherly, Q."]
[Result "1-0"]
[WhiteElo "1605"]
[BlackElo "1605"]
[PlyCount "61"]
[EventDate "1993.??.??"]

1. e4 Nf6 2. e5 Ng4 3. Qxg4 e6 4. Nf3 d5 5. d4 Nc6 6. Bb5 Bd7 7. O-O Nb4 8.
Bxd7+ Qxd7 9. Ne1 O-O-O 10. c3 Nc6 11. Nd3 f5 12. Qd1 h6 13. Nd2 g5 14. f3 h5
15. Rf2 h4 16. h3 g4 17. fxg4 fxg4 18. Qxg4 Be7 19. Nc5 Bxc5 20. dxc5 Rdg8 21.
Qe2 Qe7 22. b4 Rg5 23. Nf3 Rf5 24. Bd2 Qg7 25. Re1 Qg3 26. Qf1 Nxe5 27. Nxe5
Rxe5 28. Rf8+ Rxf8 29. Qxf8+ Kd7 30. Qf7+ Kc6 31. Qe8# 1-0

[Event "Flint (Beg/2)"]
[Site "?"]
[Date "1993.??.??"]
[Round "?"]
[White "Bulliner, T."]
[Black "Foote, Greg"]
[Result "0-1"]
[WhiteElo "1605"]
[BlackElo "1605"]
[PlyCount "104"]
[EventDate "1993.??.??"]

1. e4 e6 2. d4 Nf6 3. e5 Nd5 4. Nf3 d6 5. Be2 dxe5 6. Nxe5 Bd6 7. O-O b6 8. Re1
Nd7 9. Nf3 Bb7 10. c4 Nf4 11. Bxf4 Bxf4 12. d5 Nc5 13. Qd4 Qf6 14. Qxf6 gxf6
15. Nc3 O-O-O 16. b4 Nd7 17. Rad1 Ne5 18. Rd4 Nxf3+ 19. Bxf3 Be5 20. Rd3 Bxc3
21. Rxc3 exd5 22. cxd5 Bxd5 23. Bxd5 Rxd5 24. g3 Re5 25. Rec1 Re7 26. Rc6 f5
27. Rf6 Rd8 28. Rxf5 Rd2 29. a3 Ra2 30. Rc3 Kb7 31. b5 a6 32. bxa6+ Kxa6 33.
Rcf3 c5 34. Rxf7 Rxf7 35. Rxf7 Rxa3 36. Rxh7 c4 37. h4 c3 38. Rc7 b5 39. h5 Kb6
40. Rc8 Kb7 41. Re8 c2 42. Re1 Rd3 43. Kg2 Rd1 44. Re7+ Kc6 45. Re8 Kd7 46. Rg8
c1=Q 47. Rg7+ Kc6 48. Rg6+ Rd6 49. Rg8 Qh6 50. g4 Qf4 51. Kf1 Rd2 52. Rg6+ Kc5
0-1

[Event "Gaylord (NMO/5/16)"]
[Site "?"]
[Date "1993.??.??"]
[Round "?"]
[White "Brown, Ralph"]
[Black "Zuniga, Jesus"]
[Result "1/2-1/2"]
[WhiteElo "1745"]
[BlackElo "1605"]
[PlyCount "62"]
[EventDate "1993.??.??"]

{5/(16)} 1. d4 Nf6 2. c4 g6 3. Nc3 Bg7 4. e3 d5 5. Qc2 Bf5 6. Qb3 b6 7. cxd5
O-O 8. g3 Nbd7 9. Bg2 Rc8 10. Nge2 e5 11. e4 exd4 12. Nxd4 Nc5 13. Qc2 Re8 14.
Nxf5 gxf5 15. f3 Nxd5 16. O-O Nxc3 17. bxc3 fxe4 18. Rd1 Qe7 19. fxe4 Rcd8 20.
Ba3 Qf6 21. Bxc5 bxc5 22. Rac1 Rxd1+ 23. Qxd1 Qd6 24. Qxd6 cxd6 25. c4 Rb8 26.
Rc2 a5 27. Kf1 Kf8 28. Bh3 Ke7 29. Ke2 Bd4 30. g4 f6 31. Kf3 Be5 1/2-1/2

[Event "Gaylord (NMO/2/4)"]
[Site "?"]
[Date "1993.??.??"]
[Round "?"]
[White "Brown, Ralph"]
[Black "Yahkind, Alex"]
[Result "0-1"]
[WhiteElo "1745"]
[BlackElo "2040"]
[PlyCount "52"]
[EventDate "1993.??.??"]

{2/(4)} 1. d4 d5 2. c4 e6 3. Nc3 Nf6 4. e3 Be7 5. Bd3 O-O 6. Nge2 c5 7. O-O Nc6
8. a3 dxc4 9. Bxc4 b6 10. dxc5 Bxc5 11. Qxd8 Rxd8 12. Rd1 Bb7 13. b4 Rxd1+ 14.
Nxd1 Bd6 15. Bb2 Ne5 16. Rc1 Rc8 17. Bxe5 Bxe5 18. Bd3 Rd8 19. Bc4 Rd2 20. f4
Bb8 21. Nd4 Rxg2+ 22. Kf1 Ng4 23. f5 Nxh2+ 24. Ke1 Bg3+ 25. Nf2 Bxf2+ 26. Kd1
Rg1+ 0-1

[Event "Gaylord (NMO/4/13)"]
[Site "?"]
[Date "1993.??.??"]
[Round "?"]
[White "Brown, Ralph"]
[Black "Matias, I.C."]
[Result "0-1"]
[WhiteElo "1745"]
[BlackElo "1820"]
[PlyCount "44"]
[EventDate "1993.??.??"]

{4/(13)} 1. d4 Nf6 2. c4 g6 3. Nc3 Bg7 4. e4 d6 5. Nf3 O-O 6. Bd3 Nbd7 7. O-O
e5 8. d5 Nc5 9. Bc2 a5 10. Be3 Nfd7 11. a3 f5 12. exf5 gxf5 13. Bg5 Nf6 14. Qb1
e4 15. Nd4 Qe8 16. Ndb5 Qf7 17. f3 Ne8 18. fxe4 c6 19. exf5 cxb5 20. Nxb5 Be5
21. g4 Bd7 22. Bh6 Bxb5 0-1

[Event "Lansing (MI Am/3)"]
[Site "?"]
[Date "1993.??.??"]
[Round "?"]
[White "Brown, Dan"]
[Black "Vorhauer, Sam"]
[Result "1/2-1/2"]
[WhiteElo "1885"]
[BlackElo "1605"]
[PlyCount "163"]
[EventDate "1993.??.??"]

1. e4 e5 2. Nf3 Nc6 3. Bc4 h6 4. d4 exd4 5. Nxd4 Nf6 6. Nc3 Bc5 7. Nxc6 bxc6 8.
O-O O-O 9. e5 Nh7 10. Na4 Bb6 11. Nxb6 axb6 12. a4 d5 13. Bd3 f5 14. f4 Qe8 15.
b3 Be6 16. Bd2 Qf7 17. b4 Rfd8 18. Rf3 Nf8 19. Rg3 c5 20. a5 c4 21. Be2 Kh7 22.
axb6 cxb6 23. Rga3 Qe8 24. Be3 Qc6 25. Rxa8 Rxa8 26. Rxa8 Qxa8 27. Bxb6 Nd7 28.
Bd4 Qa3 29. c3 Qb2 30. Kf1 Nf8 31. Qe1 Ng6 32. g3 Nf8 33. Be3 Bd7 34. Bc1 Qc2
35. Qd1 Qxc3 36. Bd2 Qb3 37. Qxb3 cxb3 38. b5 d4 39. Bc1 Ne6 40. Bb2 Nc5 41.
Bxd4 Na4 42. Ke1 b2 43. Bd3 Bxb5 44. Bxf5+ g6 45. Bb1 Bd7 46. Kd2 Bf5 47. Bxf5
gxf5 48. Kc2 Kg8 49. Bxb2 Nc5 50. Bd4 Ne6 51. Kd3 Kf7 52. Kc4 Ke7 53. Bb6 Kd7
54. Kd5 Nf8 55. Bc5 Ne6 56. Bd6 h5 57. Bb8 Nf8 58. Ba7 Ne6 59. Bb6 Nf8 60. h3
Ne6 61. Be3 Nc7+ 62. Kc4 Ke6 63. Kd3 Kd5 64. Bb6 Ne6 65. Ke3 Ng7 66. Kf3 Kc6
67. Be3 Kd5 68. g4 Ke6 69. Bc5 hxg4+ 70. hxg4 fxg4+ 71. Kxg4 Nf5 72. Bd6 Ne3+
73. Kg5 Nf5 74. Bc5 Ng3 75. Kg6 Nf5 76. Bd6 Ne3 77. Kg7 Nf5+ 78. Kf8 Ne3 79.
Be7 Nf5 80. Bf6 Ne3 81. Ke8 Nf5 82. Kd8 1/2-1/2

[Event "Lansing (MI Am/1)"]
[Site "?"]
[Date "1993.??.??"]
[Round "?"]
[White "Brown, Dan"]
[Black "Troupe, D."]
[Result "1-0"]
[WhiteElo "1885"]
[BlackElo "1605"]
[PlyCount "29"]
[EventDate "1993.??.??"]

1. e4 e5 2. Nf3 Nc6 3. Bc4 Nf6 4. Ng5 d5 5. exd5 Nxd5 6. Nxf7 Kxf7 7. Qf3+ Ke6
8. Nc3 Nce7 9. d4 Qd6 10. O-O c6 11. dxe5 Kxe5 12. Re1+ Kd4 13. Qd3+ Kc5 14.
Na4+ Kb4 15. Qb3+ 1-0

[Event "Ann Arbor (HVA/2/13)"]
[Site "?"]
[Date "1993.??.??"]
[Round "?"]
[White "Brotherton, D."]
[Black "Stockton, T."]
[Result "1-0"]
[WhiteElo "1605"]
[BlackElo "1605"]
[PlyCount "51"]
[EventDate "1993.??.??"]

{2/(13)} 1. d4 d5 2. Nf3 Nf6 3. Bg5 g6 4. Nbd2 Bg7 5. e3 O-O 6. Be2 Nbd7 7. c3
c5 8. O-O Re8 9. Bb5 a6 10. Ba4 b5 11. Bc2 Rb8 12. a3 cxd4 13. exd4 a5 14. Re1
Qc7 15. Bh4 Rb6 16. Bg3 Qb7 17. Nb3 Ra6 18. Nc5 Nxc5 19. dxc5 b4 20. axb4 axb4
21. Be5 Rxa1 22. Qxa1 bxc3 23. Bxc3 Qc6 24. Ba4 Qxc5 25. Bxe8 Nxe8 26. Bxg7 1-0

[Event "Ann Arbor (HVA/4/12)"]
[Site "?"]
[Date "1993.??.??"]
[Round "?"]
[White "Brotherton, D."]
[Black "Rostrom, Richard"]
[Result "0-1"]
[WhiteElo "1605"]
[BlackElo "1685"]
[PlyCount "76"]
[EventDate "1993.??.??"]

{4/(12)} 1. d4 Nf6 2. Nf3 g6 3. Bg5 Bg7 4. Nbd2 O-O 5. e4 d6 6. c3 Nbd7 7. Bc4
Rb8 8. Qe2 c5 9. Rd1 a6 10. a4 Nb6 11. Bb3 Bd7 12. a5 Na8 13. Ra1 cxd4 14. cxd4
Nc7 15. O-O Rc8 16. Rfc1 Nb5 17. Nc4 Bg4 18. Nb6 Rc7 19. Qe3 Bxf3 20. gxf3 Nd7
21. Rxc7 Nxc7 22. Nd5 Bf6 23. Nxf6+ Nxf6 24. Bc4 Qd7 25. Qb3 Ne6 26. Be3 Kg7
27. Ra4 Nh5 28. Rb4 Nhf4 29. Bxf4 Nxf4 30. Rxb7 Qh3 31. Bf1 Qh4 32. Qe3 Rc8 33.
Qd2 Qh6 34. Kh1 Qh4 35. d5 Nh3 36. Bxh3 Qxh3 37. Qd1 Rc2 38. Qg1 Qxf3+ 0-1

[Event "East Lansing (MOR/5/20)"]
[Site "?"]
[Date "1993.??.??"]
[Round "?"]
[White "Brooks, Brion"]
[Black "Vangilder, W."]
[Result "1-0"]
[WhiteElo "1770"]
[BlackElo "1605"]
[PlyCount "81"]
[EventDate "1993.??.??"]

{5/(20)} 1. d4 d5 2. c4 e6 3. Nc3 Nf6 4. Bg5 Nbd7 5. cxd5 exd5 6. Nf3 c6 7. e3
Be7 8. Qc2 h6 9. Bh4 O-O 10. Bd3 c5 11. dxc5 Nxc5 12. O-O Re8 13. Bb5 Bd7 14.
Bxd7 Ncxd7 15. Rfd1 Rc8 16. Qb3 Nb6 17. Bxf6 Bxf6 18. Nxd5 Nxd5 19. Rxd5 Qc7
20. Rad1 Red8 21. g3 Rxd5 22. Rxd5 Qc1+ 23. Kg2 Qxb2 24. Qxb2 Bxb2 25. Rb5 Bf6
26. Rxb7 a5 27. Ra7 Bc3 28. Nd4 Rc4 29. Nb5 Bb4 30. Rc7 Rc5 31. Rxc5 Bxc5 32.
Kf3 a4 33. Ke4 a3 34. Kd5 Be7 35. Kc4 Kf8 36. Kb3 Ke8 37. Nxa3 Kd7 38. Nc2 Bc5
39. Kc4 Ba7 40. a4 Ke6 41. Nd4+ 1-0

[Event "East Lansing (MOR/3/19)"]
[Site "?"]
[Date "1993.??.??"]
[Round "?"]
[White "Brooks, Brion"]
[Black "Neely, Richard"]
[Result "1-0"]
[WhiteElo "1770"]
[BlackElo "1605"]
[PlyCount "63"]
[EventDate "1993.??.??"]

{3/(19)} 1. d4 Nf6 2. c4 c5 3. d5 b5 4. Nc3 bxc4 5. e4 d6 6. Bxc4 g6 7. Nf3 Bg7
8. O-O O-O 9. Rb1 Bg4 10. Be2 Bd7 11. Nd2 a6 12. b3 Qa5 13. Bb2 Bb5 14. Nc4
Bxc4 15. Bxc4 Nbd7 16. f4 Rfb8 17. Qe2 Qb6 18. Na4 Qa7 19. e5 Ne8 20. e6 fxe6
21. Qxe6+ Kh8 22. Bxg7+ Nxg7 23. Qxe7 Nf5 24. Qg5 Re8 25. g4 Ne3 26. Rfe1 Nb6
27. Qf6+ Kg8 28. Nxb6 Qxb6 29. h3 Nxc4 30. bxc4 Rxe1+ 31. Rxe1 Qa7 32. Re7 1-0

[Event "East Lansing (MOR/7/13)"]
[Site "?"]
[Date "1993.??.??"]
[Round "?"]
[White "Brooks, Brion"]
[Black "Boyle, John"]
[Result "1-0"]
[WhiteElo "1770"]
[BlackElo "1605"]
[PlyCount "51"]
[EventDate "1993.??.??"]

{7/(13)} 1. d4 d5 2. c4 e6 3. Nc3 Nf6 4. Bg5 c5 5. cxd5 cxd4 6. Qxd4 exd5 7.
Bxf6 gxf6 8. Qxd5 Qb6 9. O-O-O Be6 10. Qe4 Bc5 11. e3 Nd7 12. Bb5 O-O-O 13. Nf3
f5 14. Bxd7+ Rxd7 15. Qe5 Rg8 16. Na4 Bxe3+ 17. fxe3 Rc7+ 18. Kb1 Qb4 19. Rc1
Bc4 20. Qxf5+ Kb8 21. Qc2 Bxa2+ 22. Kxa2 Rxc2 23. Rxc2 Qxa4+ 24. Kb1 Qe4 25.
Rd1 Rxg2 26. Rd8# 1-0

[Event "Lansing (MI Am/2)"]
[Site "?"]
[Date "1993.??.??"]
[Round "?"]
[White "Brelitch, D."]
[Black "Welch, Joseph"]
[Result "0-1"]
[WhiteElo "1605"]
[BlackElo "1605"]
[PlyCount "76"]
[EventDate "1993.??.??"]

1. Nf3 Nf6 2. g3 c6 3. Bg2 d5 4. d3 Bg4 5. O-O e6 6. Nc3 Be7 7. Bd2 Nbd7 8. Qc1
Qc7 9. a3 h5 10. b4 Bd6 11. Rb1 Bxf3 12. Bxf3 h4 13. Bf4 Bxf4 14. Qxf4 Qxf4 15.
gxf4 e5 16. e3 Nh5 17. fxe5 Nxe5 18. Bg2 Rh6 19. Kh1 Nf6 20. h3 O-O-O 21. b5 c5
22. d4 cxd4 23. exd4 Nc4 24. Ra1 g5 25. f3 Ne3 26. Rf2 Nh5 27. Re1 Re6 28. Rb1
b6 29. Nd1 Nc4 30. a4 Re1+ 31. Bf1 Ng3+ 32. Kg2 Ne3+ 33. Kg1 Nexf1 34. Nc3 Rxb1
35. Nxb1 Ne3 36. Nc3 f5 37. f4 Rg8 38. Rf3 gxf4 $138 0-1

[Event "East Lansing (MOR/4/33)"]
[Site "?"]
[Date "1993.??.??"]
[Round "?"]
[White "Brelitch, D."]
[Black "Ridella, Dennis"]
[Result "0-1"]
[WhiteElo "1605"]
[BlackElo "1700"]
[PlyCount "132"]
[EventDate "1993.??.??"]

{4/(33)} 1. Nf3 Nc6 2. g3 e5 3. d3 d5 4. Bg2 Nf6 5. O-O h6 6. Bd2 Bc5 7. a3 O-O
8. b4 Bb6 9. Nc3 a6 10. Qc1 e4 11. dxe4 dxe4 12. Ne1 e3 13. Bxe3 Bxe3 14. Qxe3
Ng4 15. Qc1 Qf6 16. Nd5 Qd6 17. Nd3 Nge5 18. Nxe5 Qxe5 19. Qe3 Qd6 20. Rad1 Rb8
21. Nb6 Qf6 22. Nd7 Bxd7 23. Rxd7 Rfe8 24. Qd2 Rbd8 25. Re1 Ne5 26. Rxd8 Rxd8
27. Qc1 c6 28. c4 Qe6 29. c5 Qb3 30. Be4 Kf8 31. Qb1 Qe6 32. Rd1 Rxd1+ 33. Qxd1
Ke7 34. Kg2 Nc4 35. Qd3 Nxa3 36. Qxa3 Qxe4+ 37. Kg1 Qxe2 38. Qe3+ Qxe3 39. fxe3
Ke6 40. Kf2 Kd5 41. Ke2 Kc4 42. g4 Kxb4 43. h4 Kxc5 44. Kd3 b5 45. Kc3 a5 46.
e4 a4 47. g5 h5 48. e5 b4+ 49. Kd3 Kd5 50. Kc2 Kxe5 51. Kb2 Kd4 52. Kc2 c5 53.
Kb2 Kd3 54. Kc1 Kc3 55. g6 fxg6 56. Kb1 Kd2 57. Ka1 c4 58. Kb2 c3+ 59. Ka1 c2
60. Ka2 c1=R 61. Kb2 a3+ 62. Ka2 Rc3 63. Ka1 Rd3 64. Ka2 Kc2 65. Ka1 Kb3 66.
Kb1 Rd1# 0-1

[Event "East Lansing (MOR/2/30)"]
[Site "?"]
[Date "1993.??.??"]
[Round "?"]
[White "Brelitch, D."]
[Black "Horton, Deon"]
[Result "0-1"]
[WhiteElo "1605"]
[BlackElo "1735"]
[PlyCount "72"]
[EventDate "1993.??.??"]

{2/(30)} 1. Nf3 g6 2. g3 Bg7 3. Bg2 c5 4. O-O e6 5. c4 Nc6 6. Nc3 Nge7 7. d3
O-O 8. Bd2 a6 9. Qc1 d5 10. cxd5 exd5 11. Bh6 Re8 12. Bxg7 Kxg7 13. Qf4 d4 14.
Ne4 Nd5 15. Qc1 b6 16. Qc4 h6 17. a3 Be6 18. Qc1 Rc8 19. Re1 Nf6 20. Nxf6 Qxf6
21. Nd2 Ne5 22. Ne4 Qd8 23. Qc2 Bd5 24. Rf1 f5 25. Nd2 Bxg2 26. Kxg2 Qd5+ 27.
Nf3 c4 28. dxc4 Rxc4 29. Qb3 Qc6 30. Rad1 d3 31. Rxd3 Nxd3 32. Qxd3 g5 33. Kg1
Rc1 34. Qxa6 Rxf1+ 35. Kxf1 g4 36. Ne1 Qh1# 0-1

[Event "Lansing (MI Am/5)"]
[Site "?"]
[Date "1993.??.??"]
[Round "?"]
[White "Brelitch, D."]
[Black "Distefano, R."]
[Result "0-1"]
[WhiteElo "1605"]
[BlackElo "1605"]
[PlyCount "90"]
[EventDate "1993.??.??"]

1. Nf3 Nf6 2. g3 g6 3. Bg2 Bg7 4. O-O O-O 5. d3 c5 6. c4 Nc6 7. Nc3 d6 8. Bg5
Re8 9. Qd2 Bd7 10. Bxf6 Bxf6 11. Nd5 Bg7 12. Rab1 Rb8 13. b4 cxb4 14. Nxb4 Nxb4
15. Rxb4 b6 16. Rfb1 Rc8 17. Qf4 h6 18. Nd4 e5 19. Qd2 exd4 20. Bd5 Be6 21. Bg2
Qd7 22. Rb5 Rc5 23. Rxc5 dxc5 24. e3 dxe3 25. Qxe3 Bf5 26. Qd2 Qxd3 27. Qxd3
Bxd3 28. Rc1 Re2 29. a3 Bd4 30. Rf1 Ra2 31. h4 Bxf1 32. Kxf1 Rxf2+ 33. Kg1 Ra2+
34. Kf1 Rxa3 35. Ke2 Rxg3 36. Kf1 Rxg2 37. Kxg2 a5 38. Kh3 a4 39. h5 a3 40.
hxg6 fxg6 41. Kg3 a2 42. Kf4 a1=Q 43. Kf3 Qc3+ 44. Ke4 h5 45. Kf4 Qe3# 0-1

[Event "Ann Arbor (HV Mini)"]
[Site "?"]
[Date "1993.??.??"]
[Round "?"]
[White "Brattin, Vincent"]
[Black "Vukotic, D."]
[Result "0-1"]
[WhiteElo "2030"]
[BlackElo "1965"]
[PlyCount "58"]
[EventDate "1993.??.??"]

1. e4 e6 2. Qe2 Be7 3. b3 d5 4. e5 c5 5. Bb2 Nc6 6. d3 f6 7. f4 Nd4 8. Qd1 Nh6
9. c3 Qa5 10. Nd2 Ndf5 11. Qe2 fxe5 12. fxe5 O-O 13. g4 Bh4+ 14. Kd1 Nxg4 15.
Nh3 c4 16. dxc4 dxc4 17. Rg1 Nxe5 18. Qe4 Nd3 19. Bxd3 cxd3 20. Nf4 Qb6 21. Nf3
Qf2 22. Rxg7+ Kxg7 23. Nh5+ Kf7 24. Ne5+ Ke7 25. Qb4+ Nd6 26. Nxd3 Qf3+ 27. Kd2
Bg5+ 28. Nhf4 Bxf4+ 29. Nxf4 Rxf4 $138 0-1

[Event "Gaylord (NMO/3/9)"]
[Site "?"]
[Date "1993.??.??"]
[Round "?"]
[White "Brattin, Vincent"]
[Black "Skogman, R."]
[Result "1-0"]
[WhiteElo "2015"]
[BlackElo "1605"]
[PlyCount "63"]
[EventDate "1993.??.??"]

{3/(9)} 1. e4 e6 2. Bb5 Qg5 3. Bf1 d5 4. Nf3 Qd8 5. exd5 exd5 6. Be2 Nf6 7. O-O
Be7 8. b3 O-O 9. Bb2 h6 10. Ne5 Bf5 11. d4 Nbd7 12. f4 Ne4 13. Nd2 c6 14. c4
Ndf6 15. Nxe4 Bxe4 16. g4 Nh7 17. Bf3 Bxf3 18. Qxf3 f5 19. Kh1 fxg4 20. Qxg4
Qc8 21. Qg3 Qf5 22. Rae1 Bb4 23. Re2 Ng5 24. Rg1 Qxf4 25. Qxf4 Rxf4 26. Nd3 Bd6
27. Nxf4 Bxf4 28. Re7 Bxh2 29. Rxg5 hxg5 30. Kxh2 dxc4 31. bxc4 Rf8 32. Kg2 1-0